Erstes Nachbarland in Alphabeten - Zufällig - Statistiken

Allgemein
  • Dieses Quiz wurde 300 mal gespielt
  • Das Durchschnittsergebnis liegt bei 11 aus 15
Antwortstatistiken
Land 1. Nachbar % Korrekt
Usbekistan Afghanistan
100%
Israel Ägypten
100%
Kosovo Albanien
100%
Gabun Äquatorialguinea
100%
Brasilien Argentinien
100%
Paraguay Argentinien
100%
Georgien Armenien
100%
Niederlande Belgien
100%
Argentinien Bolivien
100%
Serbien Bosnien und Herzegowina
100%
Guyana Brasilien
100%
Mongolei China
100%
Nordkorea China
100%
Vietnam China
100%
Panama Costa Rica
100%
Polen Deutschland
100%
Haiti Dominikanische Republik
100%
Lettland Estland
100%
Italien Frankreich
100%
Sierra Leone Guinea
100%
Libanon Israel
100%
Oman Jemen
100%
Vereinigte Staaten Kanada
100%
Brunei Malaysia
100%
Costa Rica Nicaragua
100%
Südkorea Nordkorea
100%
Liechtenstein Österreich
100%
Katar Saudi-Arabien
100%
Lesotho Südafrika
100%
Andorra Frankreich
89%
Vatikan-Stadt Italien
89%
Portugal Spanien
89%
Spanien Andorra
88%
Armenien Aserbaidschan
88%
Norwegen Finnland
88%
Kanada Vereinigte Staaten
88%
Somalia Äthiopien
86%
Südafrika Botswana
86%
Tansania Burundi
86%
Österreich Deutschland
86%
Litauen Lettland
86%
Indonesien Malaysia
86%
Deutschland Belgien
83%
Zimbabwe Botswana
83%
Venezuela Brasilien
83%
Libyen Ägypten
80%
Marokko Algerien
80%
Peru Bolivien
80%
Kroatien Bosnien und Herzegowina
80%
Kirgisistan China
80%
Bulgarien Griechenland
80%
Belize Guatemala
80%
San Marino Italien
80%
Jemen Oman
80%
Frankreich Andorra
78%
Nepal China
78%
Iran Afghanistan
75%
Pakistan Afghanistan
75%
Chile Argentinien
75%
Angola Demokratische Republik Kongo
75%
Burundi Demokratische Republik Kongo
75%
Honduras Guatemala
75%
Botswana Namibia
75%
Vereinigte Arabische Emirate Oman
75%
Irland Vereinigtes Königreich
75%
Sudan Ägypten
71%
Indien Bangladesch
71%
Ruanda Burundi
71%
Papua- Neuguinea Indonesien
71%
Ecuador Kolumbien
71%
Algerien Libyen
71%
Finnland Norwegen
71%
Togo Benin
70%
Palästina Ägypten
67%
Griechenland Albanien
67%
Mauritania Algerien
67%
Niger Algerien
67%
Tunesien Algerien
67%
Sambia Angola
67%
Bolivien Argentinien
67%
Dschibuti Äthiopien
67%
Eritrea Äthiopien
67%
Südsudan Äthiopien
67%
Mexiko Belize
67%
Bhutan China
67%
Dänemark Deutschland
67%
Schweden Finnland
67%
Monaco Frankreich
67%
Senegal Gambia
67%
Albanien Griechenland
67%
Osttimor Indonesien
67%
Bosnien und Herzegowina Kroatien
67%
Ungarn Kroatien
67%
Dominikanische Republik Haiti
63%
Kambodscha Laos
63%
Aserbaidschan Armenien
60%
Luxemburg Belgien
60%
Nigeria Benin
60%
Schweiz Deutschland
60%
Vereinigtes Königreich Irland
60%
Slowenien Italien
60%
Estland Lettland
60%
Swasiland Mosambik
60%
Ghana Burkina Faso
57%
Äquatorialguinea Gabun
57%
El Salvador Guatemala
57%
Bangladesch Indien
57%
Kuwait Irak
57%
China Afghanistan
50%
Nordmazedonien Albanien
50%
Mali Algerien
50%
Uruguay Argentinien
50%
Russland Aserbaidschan
50%
Kenia Äthiopien
50%
Thailand Birma
50%
Kolumbien Brasilien
50%
Surinam Brasilien
50%
Elfenbeinküste Burkina Faso
50%
Kasachstan China
50%
Nicaragua Costa Rica
50%
Tschechien Deutschland
50%
Äthiopien Dschibuti
50%
Belgien Frankreich
50%
Syrien Irak
50%
Ägypten Israel
50%
Zentralafrikanische Republik Kamerun
50%
Mosambik Malawi
50%
Ukraine Moldawien
50%
Moldawien Rumänien
50%
Gambia Senegal
50%
Turkmenistan Afghanistan
43%
Guatemala Belize
43%
Afganistan China
43%
Weißrussland Lettland
43%
Türkei Armenien
40%
Rumanien Bulgarien
40%
Irak Iran
40%
Demokratische Republik Kongo Angola
38%
Tadschikistan Afghanistan
33%
Namibia Angola
33%
Malaysia Brunei
33%
Benin Burkina Faso
33%
Laos China
33%
Guinea-Bissau Guinea
33%
Jordanien Irak
33%
Saudi-Arabien Irak
33%
Birma Bangladesch
31%
Kamerun Äquatorialguinea
29%
Republik Kongo Angola
20%
Guinea Elfenbeinküste
20%
Liberia Elfenbeinküste
20%
Uganda Demokratische Republik Kongo
14%
Burkina Faso Benin
13%
Tschad Kamerun
11%
Montenegro Albanien
0%
Malawi Mosambik
0%
Slowakei Österreich
0%
Keine übereinstimmenden Quizze gefunden
Verteilung der Resultate
Anzahl Personen mit jedem Resultat
Perzentil nach korrekt beantworteten Fragen
Ihre Resultats-Entwicklung
Sie haben dieses Quiz noch nicht gespielt